Online
Catalog

La vengeance de l' Abbé Cristobal : (Record no. 30903)

MARC details
000 -CABECERA
campo de control de longitud fija 00491nam a2200145 a 4500
001 - NÚMERO DE CONTROL
campo de control 000031411
005 - FECHA Y HORA DE LA ÚLTIMA TRANSACCIÓN
campo de control 20200930062918.0
008 - DATOS DE LONGITUD FIJA--INFORMACIÓN GENERAL
campo de control de longitud fija 110622s1934 fr 000 0 spa d
040 ## - FUENTE DE LA CATALOGACIÓN
Centro catalogador/agencia de origen DO-SdBNP
Lengua de catalogación spa
Centro/agencia transcriptor BNPHU
082 ## - NÚMERO DE LA CLASIFICACIÓN DECIMAL DEWEY
Número de clasificación xxxx
Número de documento/Ítem N713v
100 1# - ENTRADA PRINCIPAL--NOMBRE DE PERSONA
Nombre de persona Nimer, Aquiles
9 (RLIN) 57830
245 13 - MENCIÓN DE TÍTULO
Título La vengeance de l' Abbé Cristobal :
Resto del título Roman : d' après le journal intime d' un emigrant Français à Saint-Domingue /
Mención de responsabilidad, etc. Aquiles Nimer.
260 ## - PUBLICACIÓN, DISTRIBUCIÓN, ETC.
Lugar de publicación, distribución, etc. Cavaillon :
Nombre del editor, distribuidor, etc. Mistral,
Fecha de publicación, distribución, etc. 1934.
300 ## - DESCRIPCIÓN FÍSICA
Extensión 204 p. ;
Dimensiones 22 cm.
Holdings
Estado de retiro Estado de pérdida Restricciones de uso No para préstamo Código de colección Localización permanente Ubicación/localización actual Ubicación en estantería Fecha de adquisición Número de inventario Total de préstamos Signatura topográfica completa Código de barras Fecha visto por última vez Precio válido a partir de Tipo de ítem Koha Nota pública
      Excluido de préstamo Monografías: Libros y Folletos Patrimonio Dominicano Patrimonio Dominicano En catalogación 22.06.2011 LF1   xxxx N713v 31411-10 25.06.2020 25.06.2020 No se presta Perteneció a la biblioteca personal de Martínez Boog

Powered by Koha